000 01183nam a22003137a 4500
001 383
003 FISKH
005 20230331102428.0
008 230331b cb ||||| |||| 00| 0 eng d
020 _a9780763664527
040 _aDLC
_cDLC
_dDLC
_dFISKH
_beng
042 _alcac
_apcc
050 0 0 _aPZ7.P6335
_bMr 2012
082 0 0 _a813.6
_222
100 1 _aPinkwater, Daniel Manus,
_d1941-
245 1 0 _aMrs. Noodlekugel /
_cDaniel Pinkwater ; illustrated by Adam Stower.
260 _aSomerville, Mass. :
_bCandlewick Press,
_c2013.
300 _a72 pages. :
_bill. ;
_c19 cm.
505 _aK
520 _aNick and Maxine have a new babysitter--the eccentric Mrs. Noodlekugel who lives in the funny little house behind their drab high-rise apartment building along with her feline butler, Mr. Fuzzface, and four farsighted mice.
521 8 _a580
_bLexile
521 8 _aK
_bRaz-Plus
650 1 _aBabysitters and babysitting
_vFiction.
650 1 _aHumorous stories.
700 1 _aStower, Adam,
_eill.
906 _a7
_bcbc
_corignew
_d1
_eecip
_f20
_gy-gencatlg
942 _2ddc
_cBK
_n0
999 _c383
_d383